Statistiques concernant Socials medias

Cliquez ici pour prendre le quiz!

Statistiques générales

  • Ce quiz a été pris 56 fois
  • Le résultat moyen est 9 sur 26

Statistiques - réponses

Creation dateRéponse% Correct
2004Facebook
100%
2010Instagram
93%
2006Twitter
93%
2016TikTok
74%
2011Snapchat
71%
2009WhatsApp
60%
2005Youtube
55%
2011Messenger
45%
1998Google
40%
2002LinkedIn
36%
2003Skype
33%
2010Pinterest
31%
2006Twitch
29%
2007Tumblr
26%
2013Telegram
21%
1994Yahoo
21%
2005Reddit
17%
1976Apple
14%
2008Android
7%
2011WeChat
7%
2007SoundCloud
5%
2010Viber
5%
2004Vimeo
5%
1999Blogger
2%
2010Dribbble
2%
2004Flickr
2%

Distribution des résultats

Percentile par nombre de réponses

% des personnes avec chaque résultat

Votre développement - résultats

Vous n’avez pas pris ce quiz